000 00562nam a2200229Ia 4500
003 OSt
005 20220912153050.0
006 a|||||r|||| 00| 0
007 ta
008 220909b |||||||| |||| 00| 0 eng d
024 _a22663
037 _cTextual
040 _aCSL
_beng
_cCSL
041 _aeng
082 _aB334, K2;1
100 _aEpstein Bernard
245 0 _aPartial differential equations: An introduction
260 _c1962
300 _ap.
_ccm.
942 _hB334, K2;1
_cTEXL
_2CC
999 _c97571
_d97571